00736cam a2200193 a 450000100100000000500170001000800410002704000250006808200180009310000320011124500480014326000370019130000280022861100810025665000340033765000350037195201210040699900150052700000422620200929151420.0750902s1960 nyua 001 0 eng  aDO-SdBNPbspacBNPHU a814.54bC967n1 aCullman, Marguerite.91248610aNinety dozen glasses /cMarguerite Cullman. aNew York :bW. W. Norton,c1960. a273 p. :bil. ;c22 cm.24aEXPOSITION UNIVERSELLE ET INTERNATIONALEd(1958 :cBRUSSELS, BELGIUM)912487 4aEnsayos estadounidenses99895 4aLiteratura estadounidense9263 001052708MOaGRbGRcCTd2009-07-20iLF1l0o814.54 C967np4226-10r2020-06-25w2020-06-25y2ZPréstamo interno c4040d4040